000 00420nam a2200133 i 4500
001 bg
245 0 _aObróbka skrawaniem :
_bwiórkowanie kół zębatych /
_cWaldemar Polowski i in.
260 _aWarszawa,
_c1972.
040 _cBPK
041 _apol
942 _cKS
008 s pl f |000 0 pol
856 _uhttp://koha.tu.koszalin.pl/cgi-bin/koha/opac-detail.pl?biblionumber=27069
_yKatalog online BPK
999 _c27069
_d27069